Sinh lí học vật nuôi Giáo trình dùng cho sinh các trường CĐSP

Trình bày: Sinh lí về tiêu hóa và hấp thụ, máu và tuần hoàn, hô hấp, bài tiết, các tuyến nội tiết, sinh sản và tiết sữa, sinh lí cơ và thần kinh. Phần thực hành về sinh lí học vật nuôi; TM tài liệu tham khảo tr.158...

Volledige beschrijving

Bewaard in:
Bibliografische gegevens
Hoofdauteur: Nguyễn, Quang Mai
Andere auteurs: Bộ Giáo dục và Đào tạo
Formaat: Boek
Taal:Undetermined
Gepubliceerd in: H. Giáo dục 1998
Onderwerpen:
Online toegang:http://lrc.tdmu.edu.vn/opac/search/detail.asp?aID=2&ID=19780
Tags: Voeg label toe
Geen labels, Wees de eerste die dit record labelt!
Thư viện lưu trữ: Trung tâm Học liệu Trường Đại học Thủ Dầu Một
LEADER 01077nam a2200229Ia 4500
001 TDMU_19780
008 210410s9999 xx 000 0 und d
082 |a 636.089 
090 |b NG527 
100 |a Nguyễn, Quang Mai 
245 0 |a Sinh lí học vật nuôi 
245 0 |b Giáo trình dùng cho sinh các trường CĐSP 
245 0 |c Nguyễn Quang Mai, Cù Xuân Dần 
260 |a H. 
260 |b Giáo dục 
260 |c 1998 
300 |a 159tr. 
520 |a Trình bày: Sinh lí về tiêu hóa và hấp thụ, máu và tuần hoàn, hô hấp, bài tiết, các tuyến nội tiết, sinh sản và tiết sữa, sinh lí cơ và thần kinh. Phần thực hành về sinh lí học vật nuôi; TM tài liệu tham khảo tr.158 
650 |a Vật nuôi  |x Sinh lí học; Thú y 
700 |a Bộ Giáo dục và Đào tạo 
856 |u http://lrc.tdmu.edu.vn/opac/search/detail.asp?aID=2&ID=19780 
980 |a Trung tâm Học liệu Trường Đại học Thủ Dầu Một